000 01638nam a2200229Ia 4500
008 260220t1972||||xx |||||||||||||| ||spa||
040 _aPY-SlUNAC
_bspa
_erda
041 _aspa
082 _a631.7
_bR444ri
245 0 _aRiego por diques de contorno
264 _aCiudad de México :
_bDiana,
_c℗1972.
300 _a1 volumen
520 _aEl libro "Riego por diques de contorno", publicado en 1972 por Diana, aborda una técnica agrícola innovadora que busca optimizar el uso del agua en el cultivo de tierras en diversas regiones, particularmente en contextos áridos y semiáridos. La obra detalla el diseño y la implementación de diques de contorno, que son estructuras construidas a lo largo de las curvas de nivel del terreno, con el fin de retener y distribuir eficientemente el agua de lluvia. A través de ejemplos prácticos y estudios de caso, el autor ilustra cómo esta técnica no solo mejora la retención de humedad en el suelo, sino que también promueve la conservación del recurso hídrico y el aumento de la productividad agrícola. Además, el texto resalta la importancia de considerar factores ambientales y socioeconómicos en la implementación de esta técnica, así como su potencial para contribuir a la sostenibilidad en la agricultura. En conjunto, el libro es una valiosa contribución al campo de la agronomía y la gestión de recursos hídricos.
653 _aDrenaje
653 _aGestión del agua
653 _aRiego
942 _b2026/02/17
_cBK
999 _c8629
_d8629